| 000 | 01025nam a2200325Ia 4500 | ||
|---|---|---|---|
| 001 | 41858 | ||
| 003 | IT-RoPAU | ||
| 008 | 130308s9999 xx 000 0 und d | ||
| 040 | _aIT-RoPAU | ||
| 040 | _cIT-RoPAU | ||
| 041 | _aITALIANO | ||
| 100 | _aOlivetti Belardinelli Marta | ||
| 100 | _gCodice Aut. SPICS: 18415 | ||
| 245 | _aDifferenze per sesso nell'elaborazione cognitiva di materiale musicale: rassegna storico-bibliografica | ||
| 245 | _bComportamento Musicale Come Problem Solving (Il) | ||
| 250 | _a1a ed. | ||
| 260 | _aROMA | ||
| 260 | _bBulzoni | ||
| 260 | _c1985 [1° Ed.:1985 - Ed.Ling.Originale:1985] | ||
| 300 | _a"35 p. (prefazione: no ; testo: 35 [pagine: 129-163])" | ||
| 500 | _aDifferenze Cognitive tra I Sessi Attitudine Musicale Analisi Cognitiva in Psicologia della Musica | ||
| 650 | _aSAGGI MUSICALI | ||
| 650 | _eCodice materia Spics: 7011 | ||
| 700 | _aSacchi Adriana | ||
| 700 | _gCodice Aut. SPICS: 18418 | ||
| 942 | _cBK | ||
| 957 | _71 | ||
| 999 |
_c59844 _d59844 |
||
| 999 | _bSI | ||
| 999 | _g1 | ||